00628nam a2200193Ia 4500008004100000020001800041082001400059100002100073245002800094250000600122260002700128300001500155500002400170650001200194942000700206952009600213952010800309999001700417230524s9999 xx 000 0 und d a9788125931256 a5.13bDAS aRashmi Kanta Das 0aCore Java for Beginners a1 aNew DelhibVikasc2010 a"XX,674p;" aQuantity Number: 2 aComp-Sc cBK 00104070aTATCLbTATCLcGENd2023-05-24l0o005.13 DASp53893r2023-05-24w2023-05-24yBK 00104070aTATCLbTATCLcGENd2023-05-24l2o005.13 DASp54064r2026-01-29s2025-11-10w2023-05-24yBK c56455d56455